| 000 | 00346nam a2200133 i 4500 | ||
|---|---|---|---|
| 001 | bg | ||
| 100 | 1 | _aGe~7lfer, Jakov M. | |
| 245 | 1 | 0 |
_aIstorija i metodologija termodinamiki i statičeskoj fiziki. _nT.2 / _cJ.M. Gelfer. |
| 260 |
_aMoskva, _c1973. |
||
| 040 | _cBPK | ||
| 041 | _apol | ||
| 942 | _cKS | ||
| 008 | s pl f |000 0 pol | ||
| 999 |
_c47002 _d47002 |
||
| 856 |
_uhttp://koha.tu.koszalin.pl/cgi-bin/koha/opac-detail.pl?biblionumber=47002 _yKatalog online BPK |
||